Uplatňovanie manažérskeho účtovníctva v malých priemyselných podnikoch : Doktorandská dizertačná práca

Uložené v:
Podrobná bibliografia
Hlavný autor: Horváthová, Martina, 1971- (Autor)
Ďalší autori: Štrpka, Alexander, 1938- (Vedúci práce)
Médium: Kniha
Jazyk:Slovak
Vydavateľské údaje: Trnava : STU v Bratislave MTF UPMK, 2007
Predmet:
Tagy: Pridať tag
Žiadne tagy, Buďte prvý, kto otaguje tento záznam!

MARC

LEADER 00000nam a22000003a 4500
001 stu166058
005 20250624134434.9
008 080627s2007----xo------------------slo-d
040 |a STU  |b slo 
041 0 |a slo 
044 |a xo 
100 1 |a Horváthová, Martina,  |d 1971-  |4 aut  |u M4000  |U MTF Materiálovotechnologická fakulta  |T MTF Ústav priemyselného inžinierstva a manažmentu  |X 1507  |U M4000  |Y 84  |7 A000001507 
245 1 |a Uplatňovanie manažérskeho účtovníctva v malých priemyselných podnikoch :  |b Doktorandská dizertačná práca 
260 |a Trnava :  |b STU v Bratislave MTF UPMK,  |c 2007 
300 |a 119 s  |c príl., autoreferát 
500 |a Obhajoba diz. práce: 14.5.2008 
500 |a Odbor doktorandského štúdia: 62-90-9 Podnikový manažment 
650 7 |a manažérske účtovníctvo  |2 stusub 
650 7 |a účtovný informačný systém  |2 stusub 
650 7 |a finančné účtovníctvo  |2 stusub 
650 7 |a nákladové účtovníctvo  |2 stusub 
650 7 |a controlling  |2 estusub 
700 1 |a Štrpka, Alexander,  |d 1938-  |4 ths  |u M190  |U MTF Materiálovotechnologická fakulta  |T MTF Katedra priemyselného inžinierstva a manažmentu  |X 1490  |U M190  |Y 167  |7 A000001490 
996 |b 284M067980  |c M*DzP-83  |l MMSKP  |s P  |a 0  |w stu166058_0001